[Event "BCF-chT 9798 (4NCL)"]
[Site "England"]
[Date "1998.03.21"]
[Round "7.8"]
[White "Houska, Jovanka"]
[Black "Poulton, James"]
[Result "0-1"]
[WhiteElo "2185"]
[BlackElo "2365"]
[PlyCount "148"]
[EventDate "1997.11.??"]
[EventType "team-tourn"]
[EventRounds "11"]
[EventCountry "ENG"]
[SourceTitle "CBM 064 Extra"]
[Source "ChessBase"]
[SourceDate "1998.07.07"]
[SourceVersion "1"]
[SourceVersionDate "1998.07.07"]
[SourceQuality "1"]
[WhiteTeam "Slough"]
[BlackTeam "Wood Green"]
[WhiteTeamCountry "ENG"]
[BlackTeamCountry "ENG"]

1. e4 e6 2. Nf3 d5 3. Nc3 Nf6 4. e5 Nfd7 5. d4 c5 6. Bb5 a6 7. Bxd7+ Bxd7 8. 0-0 Nc6 9. Ne2 Be7 10. c3 0-0 11. Bf4 b5 12. Ng3 Kh8 13. Re1 Rc8 14. dxc5 Bxc5 15. Ng5 f6 16. exf6 Qxf6 17. Qh5 h6 18. Nh3 Bxf2+ 19. Nxf2 Qxf4 20. Ng4 Qf7 21. Qxf7 Rxf7 22. a4 bxa4 23. Rxa4 a5 24. Raa1 Rb8 25. Re2 Bc8 26. h3 Kh7 27. Nf1 Rfb7 28. Ra2 Bd7 29. Ng3 a4 30. Nh5 Nd8 31. Ne5 Be8 32. Nf4 g5 33. Nfd3 Bb5 34. Rf2 Bxd3 35. Nxd3 Ra7 36. Nc5 Kg7 37. Rxa4 Rxa4 38. Nxa4 Ra8 39. Nc5 Ra1+ 40. Kh2 Rb1 41. Re2 Kf6 42. Nd7+ Ke7 43. Nc5 Kd6 44. Nd3 Nc6 45. Rf2 Rd1 46. Nb4 Nxb4 47. cxb4 Rd4 48. Kg3 Ke7 49. b5 Rb4 50. Re2 Kf6 51. Rf2+ Ke7 52. Rd2 h5 53. Kf3 Rxb5 54. Ke3 Rb3+ 55. Ke2 Kd6 56. Kd1 e5 57. Kc2 Rb8 58. Rf2 Ke6 59. Kc3 h4 60. Kd3 e4+ 61. Kd4 Rb3 62. Rf8 Rxb2 63. Re8+ Kf7 64. Ra8 Rd2+ 65. Ke5 e3 66. Ra7+ Kg6 67. Ra6+ Kh5 68. Kf6 Rxg2 69. Rd6 Rg3 70. Rxd5 Rf3+ 71. Ke6 Rxh3 72. Kf5 Rf3+ 73. Ke4 e2 74. Kxf3 e1Q 0-1

[Event "FRA-chT"]
[Site "France"]
[Date "1998.02.07"]
[Round "2"]
[White "Poulton, James"]
[Black "Degraeve, Jean Marc"]
[Result "0-1"]
[WhiteElo "2365"]
[BlackElo "2525"]
[PlyCount "122"]
[EventDate "1998.02.06"]
[EventType "team-tourn"]
[EventRounds "11"]
[EventCountry "FRA"]
[SourceTitle "CBM 064 Extra"]
[Source "ChessBase"]
[SourceDate "1998.07.07"]
[SourceVersion "1"]
[SourceVersionDate "1998.07.07"]
[SourceQuality "1"]

1. d4 Nf6 2. Nf3 g6 3. Nc3 d5 4. Bf4 Bg7 5. e3 0-0 6. Be2 b6 7. Ne5 Bb7 8. h4 h6 9. Bd3 c5 10. Qf3 Nc6 11. h5 cxd4 12. Nxc6 Bxc6 13. exd4 Nxh5 14. Bxh6 Bxh6 15. g4 e6 16. gxh5 g5 17. Ne2 f5 18. Qg3 g4 19. f3 Kh8 20. Nf4 Qg5 21. Ng6+ Kg8 22. f4 Qf6 23. Nxf8 Rxf8 24. c3 b5 25. Qe3 Kf7 26. 0-0-0 Rg8 27. Rdg1 Qe7 28. Rh2 Qc7 29. Rf2 Bd7 30. Kb1 a5 31. Rff1 Rh8 32. Rg2 Bf8 33. Rh2 Rh6 34. Qg3 Bd6 35. Ka1 Qb6 36. Qh4 Be7 37. Qe1 b4 38. Re2 Bf6 39. Rh1 a4 40. Re5 a3 41. bxa3 Bxe5 42. fxe5 bxa3 43. Qc1 Qb2+ 44. Qxb2 axb2+ 45. Kxb2 Rh8 46. Kc1 Kg7 47. Kd2 Kh6 48. Bc2 f4 49. a4 Ra8 50. Rf1 Rf8 51. Bd1 g3 52. a5 Bb5 53. Be2 g2 54. Rg1 Bxe2 55. Kxe2 f3+ 56. Kf2 Kxh5 57. Rb1 Kg4 58. Rb7 Kf4 59. a6 Rg8 60. Rf7+ Ke4 61. Kg1 Rh8 0-1

[Event "FRA-chT"]
[Site "France"]
[Date "1998.??.??"]
[Round "3"]
[White "Poulton, James"]
[Black "Beikert, Guenther"]
[Result "1/2-1/2"]
[WhiteElo "2365"]
[BlackElo "2495"]
[PlyCount "109"]
[EventDate "1998.02.06"]
[EventType "team-tourn"]
[EventRounds "11"]
[EventCountry "FRA"]
[SourceTitle "EXT 2001"]
[Source "ChessBase"]
[SourceDate "2000.11.22"]
[SourceVersion "1"]
[SourceVersionDate "2000.11.22"]
[SourceQuality "1"]

1. d4 d5 2. Nf3 c6 3. c4 Nf6 4. Nc3 e6 5. Bg5 h6 6. Bxf6 Qxf6 7. e3 Nd7 8. Be2 Qg6 9. 0-0 Be7 10. Rb1 0-0 11. b4 a6 12. Qd2 Rd8 13. a4 dxc4 14. Bxc4 a5 15. bxa5 Rxa5 16. Rfd1 e5 17. Qe1 e4 18. Nxe4 Rxa4 19. Bb3 Ra8 20. Ng3 Bd6 21. e4 Nf8 22. Bc2 Bc7 23. Qc3 Qd6 24. d5 cxd5 25. Rxd5 Qe7 26. Nf5 Bxf5 27. Rxf5 Ne6 28. Bb3 Rac8 29. Qe3 Bd6 30. Bd5 Bc5 31. Qb3 g6 32. Re5 Rd6 33. h4 b6 34. h5 Qf6 35. hxg6 Qxg6 36. Rf5 Rc7 37. Ne5 Nd4 38. Nxg6 Nxb3 39. Ne5 Nd4 40. Rxf7 Rxd5 41. Rxc7 Rxe5 42. Ra1 Rxe4 43. Ra8+ Bf8 44. Rb8 b5 45. f3 Rf4 46. Kf2 b4 47. Ke3 Ne6 48. Re7 Rf6 49. Reb7 Nf4 50. g3 Nd5+ 51. Kd4 Nc3 52. Rxb4 Rxf3 53. Rb3 Ne2+ 54. Ke4 Rf7 55. Rf3 1/2-1/2

[Event "FRA-chT 9697 fin"]
[Site "Clichy"]
[Date "1997.05.01"]
[Round "8"]
[White "Poulton, James"]
[Black "Knezevic, Bojan"]
[Result "1-0"]
[WhiteElo "2360"]
[BlackElo "2370"]
[PlyCount "121"]
[EventDate "1997.??.??"]
[EventType "team-tourn"]
[EventRounds "4"]
[EventCountry "FRA"]
[SourceTitle "EXT 1999"]
[Source "ChessBase"]
[SourceDate "1998.11.16"]
[SourceVersion "1"]
[SourceVersionDate "1998.11.16"]
[SourceQuality "1"]

1. d4 c5 2. d5 e5 3. e4 d6 4. Bb5+ Nd7 5. a4 Be7 6. Na3 Ngf6 7. Qe2 0-0 8. Nf3 Ne8 9. Bd3 g6 10. h4 Ng7 11. Nc4 f5 12. Ng5 Nf6 13. Bd2 fxe4 14. Bxe4 Nxe4 15. Nxe4 Bf5 16. g3 Qd7 17. Ra3 Rf7 18. Bh6 Bxe4 19. Qxe4 Nf5 20. Be3 Raf8 21. Rh2 h5 22. Nd2 Kg7 23. Qd3 Nxe3 24. Qxe3 Qg4 25. Qe4 Qd7 26. Qe2 a6 27. a5 Qb5 28. Qxb5 axb5 29. a6 bxa6 30. Rxa6 e4 31. Nxe4 Rf5 32. f4 Rxd5 33. Re2 Rf7 34. Nc3 Rd4 35. Nxb5 Rb4 36. Nxd6 Bxd6 37. Rxd6 Rxb2 38. Kd2 Kh7 39. Ree6 Rg7 40. Rd5 Rb4 41. Red6 Rc7 42. Kc3 Ra4 43. Kb3 Re4 44. Kc3 Re3+ 45. Rd3 Re4 46. Rd7+ Rxd7 47. Rxd7+ Kh6 48. Kd3 Re1 49. Rd5 Rg1 50. Rg5 Rg2 51. c4 Ra2 52. Ke4 Rd2 53. Rxc5 Kg7 54. Rd5 Rc2 55. Kd4 Kf6 56. Rd6+ Kf5 57. c5 Rd2+ 58. Kc4 Rc2+ 59. Kb5 Rb2+ 60. Kc6 Rb3 61. Rd5+ 1-0

[Event "FRA-chTA 9697"]
[Site "France"]
[Date "1997.??.??"]
[Round "6"]
[White "Kallai, Gabor"]
[Black "Poulton, James"]
[Result "0-1"]
[WhiteElo "2505"]
[BlackElo "2360"]
[PlyCount "124"]
[EventDate "1997.??.??"]
[EventType "team-tourn"]
[EventRounds "7"]
[EventCountry "FRA"]
[SourceTitle "EXT 1999"]
[Source "ChessBase"]
[SourceDate "1998.11.16"]
[SourceVersion "1"]
[SourceVersionDate "1998.11.16"]
[SourceQuality "1"]

1. Nf3 Nf6 2. c4 g6 3. Nc3 d6 4. g3 Bg7 5. Bg2 0-0 6. d4 c6 7. 0-0 Qa5 8. h3 Be6 9. Qd3 Qa6 10. b3 d5 11. Ne5 dxc4 12. Nxc4 Rd8 13. Rd1 Nd5 14. Ne4 Nd7 15. Bb2 N5b6 16. Ne5 Qxd3 17. Nxd3 a5 18. Ng5 Nf8 19. Nxe6 Nxe6 20. e3 a4 21. Rac1 Nd5 22. Kf1 axb3 23. axb3 Ra2 24. Ra1 Rda8 25. Rxa2 Rxa2 26. Ra1 Rxa1+ 27. Bxa1 Nec7 28. Ke2 Na6 29. Bb2 Kf8 30. Kd2 Ke8 31. Bf1 e6 32. e4 Ndc7 33. Ke3 c5 34. f4 cxd4+ 35. Bxd4 Bxd4+ 36. Kxd4 b6 37. Ne5 Nb8 38. g4 f6 39. Nf3 h6 40. e5 Nc6+ 41. Kc4 f5 42. g5 h5 43. Nh4 Na5+ 44. Kb4 Nd5+ 45. Kb5 Nxb3 46. Nxg6 Kf7 47. Nh4 Nd2 48. Bg2 Nxf4 49. Kxb6 Nc4+ 50. Kc5 Nxe5 51. Bf1 Ke7 52. Kd4 Neg6 53. Nxg6+ Nxg6 54. Kc5 h4 55. Kc6 Nf4 56. Kc5 e5 57. Kc4 Ke6 58. Kc5 Ke7 59. Kc4 Kd6 60. Kc3 Ne6 61. g6 Ke7 62. Kc4 Kf6 0-1